00545 2200193 4500001002100000005001800021008004100039020001800080035002400098090002200122100002000144245003800164250001600202260003400218300003300252650003600285850001500321999001500336YOGYA-0211000000131220110202084627460 ind  a979-533-149-3 0010-021100000001312 aDEP 001.642 Sal W aSalimo, Saptowo aWordstar professional version 7.0 aEd.2, Cet.3 aYogyakartabAndi Offsetc1995 aViii, 158 hlm.: ilus.; 23 cm aWordstar 7.0 (Program Komputer) aYOPDYOG[B] a97D0026615